[Event "Erfurt op-B 29th"]
[Site "Erfurt"]
[Date "2019.12.30"]
[Round "8"]
[White "Siebarth, Marco"]
[Black "Held, Maurice"]
[Result "1-0"]
[WhiteElo "2020"]
[BlackElo "1844"]
[PlyCount "80"]
[EventDate "2019.12.26"]
[EventType "swiss"]
[EventRounds "8"]
[EventCountry "GER"]
[SourceTitle "EXT 2021"]
[Source "ChessBase"]
[SourceDate "2020.10.23"]
[SourceVersion "1"]
[SourceVersionDate "2020.10.23"]
[SourceQuality "1"]

1. e4 c5 2. Nf3 g6 3. d4 cxd4 4. Nxd4 Bg7 5. Nc3 Nc6 6. Nde2 Nf6 7. g3 0-0 8. Bg2 d6 9. 0-0 Bd7 10. h3 a6 11. a4 Qc7 12. Be3 Ne5 13. b3 Qc8 14. f4 Nc6 15. Kh2 Bg4 16. Qd2 Bxe2 17. Nxe2 Nd7 18. Rac1 b5 19. axb5 axb5 20. Nd4 Nxd4 21. Bxd4 Bxd4 22. Qxd4 Ra2 23. c4 bxc4 24. Rxc4 Qa6 25. Rf2 Rxf2 26. Qxf2 Rb8 27. Qc2 Qb5 28. Qc3 Nf6 29. e5 Nd5 30. Bxd5 Qxd5 31. exd6 Qxd6 32. Rc8+ Rxc8 33. Qxc8+ Kg7 34. Qc3+ Kg8 35. h4 Qb6 36. Kg2 f6 37. b4 Kf7 38. Kf3 Qb7+ 39. Ke3 Ke6 40. Kd2 Qd5+ 1-0

[Event "Erfurt op-B 29th"]
[Site "Erfurt"]
[Date "2019.12.28"]
[Round "4"]
[White "Held, Maurice"]
[Black "Angermaier, Georg"]
[Result "1/2-1/2"]
[WhiteElo "1844"]
[BlackElo "1952"]
[PlyCount "22"]
[EventDate "2019.12.26"]
[EventType "swiss"]
[EventRounds "8"]
[EventCountry "GER"]
[SourceTitle "EXT 2021"]
[Source "ChessBase"]
[SourceDate "2020.10.23"]
[SourceVersion "1"]
[SourceVersionDate "2020.10.23"]
[SourceQuality "1"]

1. c4 g6 2. g3 Bg7 3. Bg2 c5 4. Nc3 Nc6 5. e3 d6 6. Nge2 Bg4 7. 0-0 Qc8 8. Qa4 Bd7 9. Qd1 Bg4 10. Qa4 Bd7 11. Qd1 Bg4 1/2-1/2

[Event "Erfurt HT op 27th"]
[Site "Erfurt"]
[Date "2017.12.30"]
[Round "8"]
[White "Held, Maurice"]
[Black "Funke, Johannes"]
[Result "1-0"]
[WhiteElo "1959"]
[BlackElo "1811"]
[PlyCount "79"]
[EventDate "2017.12.26"]
[EventType "swiss"]
[EventRounds "8"]
[EventCountry "GER"]
[SourceTitle "CBM 182 Extra"]
[Source "ChessBase"]
[SourceDate "2018.02.23"]
[SourceVersion "1"]
[SourceVersionDate "2018.02.23"]
[SourceQuality "1"]

1. c4 e6 2. Nf3 Nf6 3. g3 d5 4. b3 c6 5. Bb2 Nbd7 6. Bg2 Be7 7. 0-0 0-0 8. d3 Re8 9. Nbd2 Nf8 10. Ne5 Bd7 11. a3 c5 12. Ra2 Bc6 13. Qa1 Ng6 14. Ndf3 a5 15. Nxg6 hxg6 16. Ne5 Qb6 17. Nxc6 bxc6 18. Rb1 Rab8 19. Bc3 Qd8 20. Qb2 Rb6 21. Qc2 Rb7 22. a4 Ng4 23. h3 Nf6 24. Rd1 Qb6 25. Rb2 Nd7 26. e4 d4 27. Bd2 Nb8 28. f4 e5 29. fxe5 Qc7 30. Rf1 Nd7 31. e6 fxe6 32. e5 Rc8 33. h4 Nxe5 34. Bf4 Bd6 35. Qe2 Nf7 36. Qxe6 Bxf4 37. Rxf4 Qe7 38. Qxc8+ Kh7 39. Qxc6 Rc7 40. Qe4 1-0

[Event "Heusenstamm Sparkassen op-A 4th"]
[Site "Heusenstamm"]
[Date "2017.11.26"]
[Round "6"]
[White "Held, Maurice"]
[Black "Hoppe, Thilo"]
[Result "1/2-1/2"]
[WhiteElo "1870"]
[BlackElo "2128"]
[PlyCount "62"]
[EventDate "2017.11.23"]
[EventType "swiss"]
[EventRounds "7"]
[EventCountry "GER"]
[SourceTitle "EXT 2019"]
[Source "ChessBase"]
[SourceDate "2018.10.10"]
[SourceVersion "1"]
[SourceVersionDate "2018.10.10"]
[SourceQuality "1"]

1. c4 Nf6 2. g3 c6 3. Nf3 d5 4. b3 g6 5. Bb2 Bg7 6. Bg2 0-0 7. 0-0 a5 8. d3 Nbd7 9. Nbd2 a4 10. b4 a3 11. Bc3 Re8 12. Qb3 e5 13. Nb1 d4 14. Bd2 Nb6 15. Nxa3 e4 16. Ng5 exd3 17. exd3 h6 18. Ne4 Nxe4 19. Bxe4 Be6 20. Rfe1 Na4 21. Nb1 Qd7 22. a3 b5 23. Ra2 Rab8 24. Rc2 Nb6 25. Bf4 Rbc8 26. Rec1 Kh8 27. Bf3 g5 28. Bd2 f5 29. Be1 Qf7 30. Nd2 f4 31. Be4 fxg3 1/2-1/2

[Event "Heusenstamm Sparkassen op-A 4th"]
[Site "Heusenstamm"]
[Date "2017.11.24"]
[Round "2"]
[White "Eichner, Christian"]
[Black "Held, Maurice"]
[Result "0-1"]
[WhiteElo "2064"]
[BlackElo "1870"]
[PlyCount "62"]
[EventDate "2017.11.23"]
[EventType "swiss"]
[EventRounds "7"]
[EventCountry "GER"]
[SourceTitle "EXT 2019"]
[Source "ChessBase"]
[SourceDate "2018.10.10"]
[SourceVersion "1"]
[SourceVersionDate "2018.10.10"]
[SourceQuality "1"]

1. e4 c5 2. Nf3 g6 3. c3 Bg7 4. d4 cxd4 5. cxd4 d5 6. e5 Nc6 7. Nc3 Nh6 8. Qb3 0-0 9. Qxd5 Bg4 10. Be3 Qxd5 11. Nxd5 Bxf3 12. gxf3 Rfd8 13. Nc3 Nxd4 14. 0-0-0 Nhf5 15. f4 Rac8 16. Kb1 f6 17. Bg2 b6 18. Bb7 Rc5 19. exf6 Bxf6 20. Ne4 Rc7 21. Nxf6+ exf6 22. Be4 Rcd7 23. Bd3 b5 24. Be4 a6 25. b3 Nxe3 26. fxe3 Ne2 27. Rxd7 Rxd7 28. Bc6 Rd6 29. Re1 Nc3+ 30. Kb2 Rxc6 31. Rc1 b4 0-1

[Event "Heusenstamm Sparkassen op-A 4th"]
[Site "Heusenstamm"]
[Date "2017.11.24"]
[Round "3"]
[White "Held, Maurice"]
[Black "Kuhn, Gerhard"]
[Result "1-0"]
[WhiteElo "1870"]
[BlackElo "2035"]
[PlyCount "55"]
[EventDate "2017.11.23"]
[EventType "swiss"]
[EventRounds "7"]
[EventCountry "GER"]
[SourceTitle "EXT 2019"]
[Source "ChessBase"]
[SourceDate "2018.10.10"]
[SourceVersion "1"]
[SourceVersionDate "2018.10.10"]
[SourceQuality "1"]

1. c4 Nf6 2. g3 g6 3. Bg2 d5 4. cxd5 Nxd5 5. d4 Bg7 6. e4 Nb6 7. Ne2 0-0 8. Nbc3 Nc6 9. d5 Na5 10. 0-0 c6 11. dxc6 Nxc6 12. Be3 Nc4 13. Qc1 Nxe3 14. Qxe3 Qa5 15. Rfd1 Bg4 16. f3 Be6 17. f4 Rfd8 18. e5 Rac8 19. Nd4 Nxd4 20. Rxd4 Qc7 21. Rad1 b6 22. Qd2 Rxd4 23. Qxd4 Bf8 24. Bd5 Bxd5 25. Qxd5 e6 26. Qd7 Qc4 27. Kg2 Bb4 28. Rd4 1-0

[Event "Vellmar op 9th"]
[Site "Vellmar"]
[Date "2017.07.15"]
[Round "4"]
[White "Knoth, Eugen"]
[Black "Held, Maurice"]
[Result "1/2-1/2"]
[WhiteElo "1936"]
[BlackElo "1819"]
[PlyCount "45"]
[EventDate "2017.07.13"]
[EventType "swiss"]
[EventRounds "7"]
[EventCountry "GER"]
[SourceTitle "CBM 179 Extra"]
[Source "ChessBase"]
[SourceDate "2017.08.23"]
[SourceVersion "1"]
[SourceVersionDate "2017.08.23"]
[SourceQuality "1"]

1. d4 g6 2. Nf3 Bg7 3. Bf4 c5 4. e3 b6 5. c3 Nf6 6. Nbd2 Bb7 7. Be2 d6 8. h3 Nbd7 9. 0-0 0-0 10. Bh2 a6 11. a4 Ne4 12. Nxe4 Bxe4 13. Nd2 Bc6 14. Bf3 Bxf3 15. Nxf3 Qc7 16. Qe2 c4 17. Rfc1 b5 18. Nd2 Rfc8 19. axb5 axb5 20. Qf3 Nb6 21. Bg3 Ra7 22. Rxa7 Qxa7 23. Qd1 1/2-1/2

[Event "Vellmar op 9th"]
[Site "Vellmar"]
[Date "2017.07.13"]
[Round "1"]
[White "Werner, Martin"]
[Black "Held, Maurice"]
[Result "1-0"]
[WhiteElo "2036"]
[BlackElo "1819"]
[PlyCount "33"]
[EventDate "2017.07.13"]
[EventType "swiss"]
[EventRounds "7"]
[EventCountry "GER"]
[SourceTitle "CBM 179 Extra"]
[Source "ChessBase"]
[SourceDate "2017.08.23"]
[SourceVersion "1"]
[SourceVersionDate "2017.08.23"]
[SourceQuality "1"]

1. d4 g6 2. e4 Bg7 3. Nc3 c6 4. Bc4 b5 5. Bb3 d6 6. Qf3 e6 7. Be3 Ne7 8. h4 a5 9. a4 b4 10. Nce2 h5 11. Nh3 Nd7 12. Ng5 Rf8 13. 0-0-0 Ba6 14. Nf4 d5 15. Qg3 Nf6 16. Nfxe6 Nxe4 17. Nxg7+ 1-0

[Event "Rhein Main op-B 20th"]
[Site "Bad Homburg"]
[Date "2017.06.14"]
[Round "1"]
[White "Urbach, Jens"]
[Black "Held, Maurice"]
[Result "0-1"]
[WhiteElo "1582"]
[BlackElo "1885"]
[PlyCount "64"]
[EventDate "2017.06.14"]
[EventType "swiss"]
[EventRounds "7"]
[EventCountry "GER"]
[SourceTitle "EXT 2018"]
[Source "ChessBase"]
[SourceDate "2017.10.13"]
[SourceVersion "1"]
[SourceVersionDate "2017.10.13"]
[SourceQuality "1"]

1. e4 c5 2. c3 g6 3. d4 cxd4 4. cxd4 d5 5. e5 Bg7 6. Nf3 Nh6 7. Bg5 Nf5 8. Bd3 Nc6 9. Bxf5 Bxf5 10. 0-0 h6 11. Be3 0-0 12. Nc3 Qd7 13. a3 Rac8 14. Qd2 Kh7 15. Ne2 b6 16. Ng3 Na5 17. Nxf5 Qxf5 18. Qb4 Rfe8 19. Rac1 Nc4 20. Qb5 Qe6 21. Bf4 f6 22. exf6 Bxf6 23. Rfe1 Qf5 24. Be5 Nxe5 25. Nxe5 Bxe5 26. Rxc8 Rxc8 27. dxe5 Rc2 28. f3 Qg5 29. g4 Qf4 30. Re2 Qd4+ 31. Kg2 Qc4 32. Rxc2 Qxb5 0-1

[Event "Heusenstamm Sparkassen op-B 3rd"]
[Site "Heusenstamm"]
[Date "2016.11.27"]
[Round "5"]
[White "Ketting, Douwe"]
[Black "Held, Maurice"]
[Result "0-1"]
[WhiteElo "1584"]
[BlackElo "1707"]
[PlyCount "150"]
[EventDate "2016.11.27"]
[EventType "swiss"]
[EventRounds "7"]
[EventCountry "GER"]
[SourceTitle "EXT 2018"]
[Source "ChessBase"]
[SourceDate "2017.10.13"]
[SourceVersion "1"]
[SourceVersionDate "2017.10.13"]
[SourceQuality "1"]

1. b4 Nf6 2. Bb2 b6 3. e3 Bb7 4. Nf3 c5 5. bxc5 bxc5 6. c4 g6 7. Be2 Bg7 8. 0-0 0-0 9. d4 cxd4 10. exd4 d5 11. Nbd2 dxc4 12. Bxc4 Bd5 13. Rc1 Nbd7 14. Qe2 Nb6 15. Ba3 Re8 16. Bb5 Nfd7 17. Ne4 a6 18. Bc6 Rc8 19. Bxd5 Nxd5 20. Qxa6 Ra8 21. Qd3 Qa5 22. Bc5 Qxa2 23. Qc4 Reb8 24. Qxa2 Rxa2 25. Nc3 Nxc3 26. Rxc3 Rc8 27. Rfc1 Nxc5 28. Rxc5 Rd8 29. d5 Ra6 30. Rc6 Ra5 31. d6 exd6 32. Rd1 d5 33. g3 d4 34. Ne1 Ra3 35. Nd3 Rc3 36. Ra6 Rb8 37. Ra2 Rbb3 38. Rad2 Kf8 39. Kf1 Ke7 40. Ke2 Kd6 41. Nc1 Ra3 42. Na2 Rcb3 43. Nc1 Rb1 44. Nd3 Rxd1 45. Rxd1 Kd5 46. Rd2 Kc4 47. Rc2+ Rc3 48. Rd2 g5 49. g4 f6 50. Nb2+ Kb3 51. Nd3 Bf8 52. Rb2+ Kc4 53. Rd2 Bd6 54. h3 Bf4 55. Rd1 Rc2+ 56. Kf1 Kc3 57. Nxf4 gxf4 58. f3 d3 59. h4 Re2 60. g5 fxg5 61. hxg5 Re3 62. Rc1+ Kb2 63. Rc7 d2 64. Rb7+ Kc2 65. Rc7+ Rc3 66. Rxc3+ Kxc3 67. Ke2 Kc2 68. g6 d1Q+ 69. Kf2 Qd2+ 70. Kf1 hxg6 71. Kg1 Qe2 72. Kh1 g5 73. Kg1 g4 74. fxg4 f3 75. Kh1 Qg2# 0-1

[Event "Wiesbaden op 28th"]
[Site "Wiesbaden"]
[Date "2016.08.27"]
[Round "5"]
[White "Held, Maurice"]
[Black "Fischer, Ulrich"]
[Result "0-1"]
[WhiteElo "1708"]
[BlackElo "1819"]
[PlyCount "74"]
[EventDate "2016.08.25"]
[EventType "swiss"]
[EventRounds "7"]
[EventCountry "GER"]
[SourceTitle "CBM 174 Extra"]
[Source "ChessBase"]
[SourceDate "2016.10.10"]
[SourceVersion "1"]
[SourceVersionDate "2016.10.10"]
[SourceQuality "1"]

1. c4 e6 2. g3 d5 3. Bg2 Nf6 4. Nf3 a6 5. cxd5 exd5 6. d4 Be7 7. Nc3 0-0 8. Bf4 c6 9. Rb1 Bf5 10. Rc1 Nbd7 11. Nh4 Be6 12. Na4 Ne4 13. f3 Qa5+ 14. Kf1 Nd6 15. g4 Nc4 16. Nf5 Bxf5 17. gxf5 Bd6 18. Rxc4 Bxf4 19. Rc3 Rfe8 20. e4 f6 21. a3 Bd6 22. Nc5 Nxc5 23. dxc5 Be5 24. b4 Qb5+ 25. Rd3 dxe4 26. fxe4 Red8 27. Qb3+ Kf8 28. Ke2 a5 29. Rhd1 axb4 30. a4 Rxd3 31. Rxd3 Qxa4 32. Qe6 Qa2+ 33. Rd2 Qxe6 34. fxe6 b3 35. Rd7 b5 36. Bh3 b2 37. Rd1 Ke8 0-1

[Event "Wiesbaden op 28th"]
[Site "Wiesbaden"]
[Date "2016.08.25"]
[Round "1"]
[White "Held, Maurice"]
[Black "Kaspereit, Holger"]
[Result "0-1"]
[WhiteElo "1708"]
[BlackElo "2077"]
[PlyCount "76"]
[EventDate "2016.08.25"]
[EventType "swiss"]
[EventRounds "7"]
[EventCountry "GER"]
[SourceTitle "CBM 174 Extra"]
[Source "ChessBase"]
[SourceDate "2016.10.10"]
[SourceVersion "1"]
[SourceVersionDate "2016.10.10"]
[SourceQuality "1"]

1. c4 e5 2. g3 Nf6 3. Bg2 Nc6 4. Nc3 Bb4 5. e4 Bxc3 6. bxc3 d6 7. Ne2 Be6 8. d3 Qd7 9. Bg5 Ng8 10. Rb1 b6 11. Nc1 f6 12. Be3 Nge7 13. a4 a5 14. Nb3 Nd8 15. Nd2 0-0 16. d4 Nb7 17. f4 Qe8 18. f5 Bd7 19. Ra1 Bc6 20. d5 Bd7 21. h4 Nc5 22. Bxc5 bxc5 23. Bf1 Nc8 24. Bd3 Nb6 25. Bc2 Kh8 26. h5 Rb8 27. Bb3 c6 28. g4 cxd5 29. cxd5 c4 30. Nxc4 Nxc4 31. Bxc4 Qc8 32. Qd3 Qc5 33. Kf1 Rb2 34. Ke1 Qf2+ 35. Kd1 Rc8 36. Ba6 Rcb8 37. Rf1 Bxa4+ 38. Kc1 Rc2+ 0-1

[Event "Rhein Main op-B 19th"]
[Site "Bad Homburg"]
[Date "2016.05.29"]
[Round "7"]
[White "Deppe, Leo Max"]
[Black "Held, Maurice"]
[Result "1-0"]
[WhiteElo "1850"]
[BlackElo "1646"]
[PlyCount "35"]
[EventDate "2016.05.25"]
[EventType "swiss"]
[EventRounds "7"]
[EventCountry "GER"]
[SourceTitle "EXT 2017"]
[Source "ChessBase"]
[SourceDate "2016.10.25"]
[SourceVersion "1"]
[SourceVersionDate "2016.10.25"]
[SourceQuality "1"]

1. d4 g6 2. c4 Bg7 3. e4 c5 4. d5 d6 5. Nc3 Nf6 6. Bd3 0-0 7. Nge2 Bd7 8. f3 Na6 9. Be3 Nc7 10. Qd2 a6 11. g4 h5 12. gxh5 Nxh5 13. Ng3 Nf6 14. h4 b5 15. h5 gxh5 16. Bh6 e5 17. Bxg7 Kxg7 18. Qg5+ 1-0

[Event "Rhein Main op-B 19th"]
[Site "Bad Homburg"]
[Date "2016.05.26"]
[Round "2"]
[White "Held, Maurice"]
[Black "Cawston, M John"]
[Result "0-1"]
[WhiteElo "1646"]
[BlackElo "1822"]
[PlyCount "88"]
[EventDate "2016.05.25"]
[EventType "swiss"]
[EventRounds "7"]
[EventCountry "GER"]
[SourceTitle "EXT 2017"]
[Source "ChessBase"]
[SourceDate "2016.10.25"]
[SourceVersion "1"]
[SourceVersionDate "2016.10.25"]
[SourceQuality "1"]

1. c4 c5 2. g3 Nf6 3. Bg2 d5 4. cxd5 Nxd5 5. Nc3 Nc7 6. Nf3 Nc6 7. 0-0 e5 8. d3 Be7 9. Be3 Bd7 10. Rc1 Rc8 11. Nd2 0-0 12. Nc4 b6 13. Bxc6 Bxc6 14. Nxe5 Be8 15. d4 cxd4 16. Bxd4 Ne6 17. Be3 Bd6 18. Nf3 Bc6 19. Nd4 Nxd4 20. Qxd4 Qe7 21. Nd5 Qe6 22. Nf4 Qe4 23. Qxe4 Bxe4 24. f3 Bb7 25. Rfd1 Rxc1 26. Bxc1 Bc5+ 27. Kg2 Bc6 28. Nd5 Re8 29. e4 f5 30. exf5 Re5 31. Nf4 Rxf5 32. Rd8+ Kf7 33. Rc8 Rf6 34. Rc7+ Kg8 35. Bd2 Bd4 36. Rc8+ Kf7 37. Bb4 Bc5 38. Bc3 Rd6 39. Rc7+ Bd7 40. Rxa7 Rd1 41. g4 g5 42. Nh5 Ke6 43. Nf6 Rg1+ 44. Kh3 Bb5 0-1

[Event "Rhein Main op-B 19th"]
[Site "Bad Homburg"]
[Date "2016.05.26"]
[Round "3"]
[White "Zahury, Said"]
[Black "Held, Maurice"]
[Result "0-1"]
[WhiteElo "1420"]
[BlackElo "1646"]
[PlyCount "62"]
[EventDate "2016.05.25"]
[EventType "swiss"]
[EventRounds "7"]
[EventCountry "GER"]
[SourceTitle "EXT 2017"]
[Source "ChessBase"]
[SourceDate "2016.10.25"]
[SourceVersion "1"]
[SourceVersionDate "2016.10.25"]
[SourceQuality "1"]

1. e4 g6 2. d4 Bg7 3. Nf3 c5 4. Be3 Nc6 5. c3 Qb6 6. b3 cxd4 7. Nxd4 Qd8 8. Bc4 a6 9. b4 e5 10. Qf3 Nf6 11. Nxc6 bxc6 12. Bg5 h6 13. Bxf6 Bxf6 14. 0-0 0-0 15. Rd1 d6 16. Bb3 a5 17. Nd2 axb4 18. cxb4 Ba6 19. Rac1 Rc8 20. Nc4 Be7 21. Nxe5 Kg7 22. Qg3 Bh4 23. Qf3 Qe8 24. Ng4 f5 25. Qc3+ Kh7 26. exf5 Rxf5 27. g3 Qe2 28. Rxd6 Rc7 29. Nf6+ Bxf6 30. Rxf6 Qxf2+ 31. Kh1 Rxf6 0-1

[Event "Rhein Main op-B 18th"]
[Site "Bad Homburg"]
[Date "2015.06.06"]
[Round "6"]
[White "Held, Maurice"]
[Black "Neubauer, Robert"]
[Result "1-0"]
[WhiteElo "1735"]
[BlackElo "1817"]
[PlyCount "77"]
[EventDate "2015.06.03"]
[EventType "swiss"]
[EventRounds "7"]
[EventCountry "GER"]
[SourceTitle "CBM 167 Extra"]
[Source "ChessBase"]
[SourceDate "2015.09.14"]
[SourceVersion "1"]
[SourceVersionDate "2015.09.14"]
[SourceQuality "1"]

1. c4 Nf6 2. Nf3 g6 3. g3 c5 4. Bg2 Nc6 5. Nc3 Bg7 6. 0-0 0-0 7. d3 e6 8. Rb1 h6 9. a3 a5 10. Bf4 d6 11. Ne1 d5 12. b3 Ng4 13. Nb5 e5 14. Bd2 Be6 15. cxd5 Bxd5 16. Bxd5 Qxd5 17. Nc7 Qd7 18. Nxa8 Rxa8 19. Nc2 h5 20. Kg2 h4 21. h3 Nh6 22. Bxh6 Bxh6 23. b4 cxb4 24. axb4 a4 25. b5 Nd4 26. Nxd4 Qxd4 27. Qc2 a3 28. Qa2 Bf8 29. Rfc1 hxg3 30. fxg3 Bc5 31. Rf1 Rf8 32. Rbc1 b6 33. Rc4 Qd5+ 34. Kh2 Kg7 35. Qd2 Bd4 36. Qg5 a2 37. Qf6+ Kg8 38. e3 Bxe3 39. Rh4 1-0

[Event "Rhein Main op-B 18th"]
[Site "Bad Homburg"]
[Date "2015.06.06"]
[Round "5"]
[White "Jenisch, Achim"]
[Black "Held, Maurice"]
[Result "1-0"]
[WhiteElo "1887"]
[BlackElo "1735"]
[PlyCount "91"]
[EventDate "2015.06.03"]
[EventType "swiss"]
[EventRounds "7"]
[EventCountry "GER"]
[SourceTitle "CBM 167 Extra"]
[Source "ChessBase"]
[SourceDate "2015.09.14"]
[SourceVersion "1"]
[SourceVersionDate "2015.09.14"]
[SourceQuality "1"]

1. d4 g6 2. Nf3 Bg7 3. c4 c5 4. g3 cxd4 5. Nxd4 Nc6 6. e3 Nf6 7. Bg2 0-0 8. 0-0 Nxd4 9. exd4 d6 10. Nc3 Bg4 11. Qb3 Rb8 12. h3 Bf5 13. Be3 Qc8 14. Kh2 Bd3 15. Rfc1 Qxc4 16. Qd1 Qa6 17. Nd5 Nxd5 18. Bxd5 e6 19. Bg2 d5 20. Rc3 Bb5 21. Qc2 Bc6 22. Rc1 Qb6 23. Qd2 Rfc8 24. Rb3 Qd8 25. Bf4 Ra8 26. Bf1 Qd7 27. Rbc3 Bf8 28. a3 Bd6 29. Bh6 Bf8 30. Bf4 a5 31. h4 a4 32. h5 Bd6 33. hxg6 hxg6 34. Bh6 Bc7 35. Qg5 Qd8 36. Qg4 Qf6 37. Rf3 Qh8 38. Qg5 Bd8 39. Qf4 Qh7 40. Bd3 Bb6 41. Kg2 e5 42. dxe5 d4 43. Rh1 Bxf3+ 44. Qxf3 Bd8 45. Qd5 Ra5 46. Qd7 1-0

[Event "Hessen-ch U12"]
[Site "Bad Homburg"]
[Date "2015.04.03"]
[Round "8"]
[White "Boerkey, Luis"]
[Black "Held, Maurice"]
[Result "1/2-1/2"]
[WhiteElo "1531"]
[BlackElo "1735"]
[PlyCount "45"]
[EventDate "2015.03.30"]
[EventType "swiss"]
[EventRounds "9"]
[EventCountry "GER"]
[SourceTitle "EXT 2017"]
[Source "ChessBase"]
[SourceDate "2016.10.25"]
[SourceVersion "1"]
[SourceVersionDate "2016.10.25"]
[SourceQuality "1"]

1. d4 g6 2. c4 Bg7 3. e3 c5 4. Nf3 cxd4 5. exd4 Nf6 6. Be2 0-0 7. 0-0 d6 8. b3 Nc6 9. Bb2 Bf5 10. Nc3 Rc8 11. Bd3 Bg4 12. Be2 Nd7 13. d5 Nce5 14. Nxe5 Bxe2 15. Qxe2 Nxe5 16. Ne4 Qc7 17. Rab1 h6 18. Rfc1 f5 19. Nd2 b6 20. Nf3 Nxf3+ 21. Qxf3 Rce8 22. Bxg7 Kxg7 23. Re1 1/2-1/2

[Event "Hessen-ch U12"]
[Site "Bad Homburg"]
[Date "2015.03.30"]
[Round "1"]
[White "Held, Maurice"]
[Black "Hohmann, Nils"]
[Result "1-0"]
[WhiteElo "1735"]
[BlackElo "949"]
[PlyCount "109"]
[EventDate "2015.03.30"]
[EventType "swiss"]
[EventRounds "9"]
[EventCountry "GER"]
[SourceTitle "EXT 2017"]
[Source "ChessBase"]
[SourceDate "2016.10.25"]
[SourceVersion "1"]
[SourceVersionDate "2016.10.25"]
[SourceQuality "1"]

1. c4 e5 2. Nc3 Nc6 3. Nf3 Nf6 4. g3 Bc5 5. Bg2 d6 6. 0-0 h6 7. d3 0-0 8. Bd2 Re8 9. a3 Be6 10. b4 Bb6 11. b5 Nd4 12. Nxd4 Bxd4 13. Bxb7 Rb8 14. Bc6 Nd7 15. Rb1 Qf6 16. Ne4 Qg6 17. e3 Bc5 18. Bxd7 Bxd7 19. Nxc5 dxc5 20. Bc3 Bg4 21. f3 Bf5 22. e4 Bd7 23. Qe2 Qh5 24. Ra1 Rb6 25. g4 Rg6 26. Kh1 Qg5 27. Bd2 Qe7 28. Qf2 Rf6 29. Qg1 Qd6 30. Rad1 Qxd3 31. Bg5 Qc2 32. Bxf6 gxf6 33. Rxd7 Qxc4 34. Rxc7 Qxb5 35. Rxc5 Qa6 36. Rc3 Rd8 37. Rd1 Rxd1 38. Qxd1 Kg7 39. Qd3 Qb6 40. Kg2 Qb2+ 41. Qc2 Qb5 42. Rc7 Qa5 43. Qc3 Qb6 44. Qc4 Qb2+ 45. Kh3 Kg6 46. Qxf7+ Kg5 47. Kg3 Qxh2+ 48. Kxh2 Kf4 49. Qxf6+ Ke3 50. Kg2 h5 51. Qxe5 h4 52. Rc3+ Kd2 53. Qd4+ Ke2 54. Qd3+ Ke1 55. Rc1# 1-0

[Event "Hessen-ch U12"]
[Site "Bad Homburg"]
[Date "2015.03.30"]
[Round "2"]
[White "Ruppert, Paula"]
[Black "Held, Maurice"]
[Result "1/2-1/2"]
[WhiteElo "1443"]
[BlackElo "1735"]
[PlyCount "98"]
[EventDate "2015.03.30"]
[EventType "swiss"]
[EventRounds "9"]
[EventCountry "GER"]
[SourceTitle "EXT 2017"]
[Source "ChessBase"]
[SourceDate "2016.10.25"]
[SourceVersion "1"]
[SourceVersionDate "2016.10.25"]
[SourceQuality "1"]

1. e4 g6 2. d4 Bg7 3. Nc3 c5 4. Nf3 cxd4 5. Nxd4 Nc6 6. Nxc6 bxc6 7. Bc4 d6 8. 0-0 Nf6 9. Be3 0-0 10. f3 a5 11. Qd2 Ba6 12. Bxa6 Rxa6 13. Rad1 Ra8 14. Bh6 a4 15. Kh1 Qb6 16. b3 axb3 17. cxb3 Qa5 18. Bxg7 Kxg7 19. f4 Qh5 20. h3 Qh4 21. Qf2 Qxf2 22. Rxf2 Ra5 23. g4 Rc5 24. Rd3 Rxc3 25. Rxc3 Nxe4 26. Rcf3 Nxf2+ 27. Rxf2 Rd8 28. a4 d5 29. b4 Rb8 30. Rb2 d4 31. b5 cxb5 32. axb5 Kf6 33. Rb4 e5 34. b6 Rb7 35. Kg2 Ke6 36. Kf3 f6 37. Ke4 f5+ 38. Kd3 exf4 39. Kxd4 Kd6 40. Rb5 f3 41. Ke3 fxg4 42. hxg4 Kc6 43. Rb3 Rf7 44. b7 Rxb7 45. Rxb7 Kxb7 46. Kxf3 Kc7 47. Kf4 h6 48. Ke5 Kd7 49. Kf6 h5 1/2-1/2

[Event "Heusenstamm Schloss op 1st"]
[Site "Heusenstamm"]
[Date "2014.11.22"]
[Round "4"]
[White "Budde, Michael"]
[Black "Held, Maurice"]
[Result "0-1"]
[WhiteElo "1876"]
[BlackElo "1634"]
[PlyCount "90"]
[EventDate "2014.11.20"]
[EventType "swiss"]
[EventRounds "7"]
[EventCountry "GER"]
[SourceTitle "CBM 163 Extra"]
[Source "ChessBase"]
[SourceDate "2014.12.23"]
[SourceVersion "1"]
[SourceVersionDate "2014.12.23"]
[SourceQuality "1"]

1. d4 g6 2. c4 Bg7 3. Nc3 c5 4. Nf3 cxd4 5. Nxd4 Nf6 6. e4 d6 7. f3 Nc6 8. Be3 0-0 9. Qd2 Nxd4 10. Bxd4 Bd7 11. h4 a6 12. Be2 Rc8 13. g4 Be6 14. b3 Qa5 15. Rc1 Rc6 16. Kf2 h5 17. b4 Qxb4 18. Bxf6 Bxf6 19. gxh5 Qc5+ 20. Kf1 Bxc4 21. hxg6 Bxc3 22. gxf7+ Kxf7 23. Qc2 Bxe2+ 24. Qxe2 Qc4 25. Qxc4+ Rxc4 26. Rh2 b5 27. Rd1 Be5 28. Rg2 Ke8 29. Rd3 Rxe4 30. h5 Rh4 31. Rg5 Rh8 32. Ra3 R4xh5 33. Rxh5 Rxh5 34. Rxa6 Rf5 35. Ke2 Bf4 36. Kd3 Rc5 37. Ke4 Bg5 38. Kd3 Bf6 39. Ke4 Rc4+ 40. Kd5 Ra4 41. Rb6 b4 42. Ke6 Kf8 43. Kf5 Kg7 44. Rb5 Kf7 45. Rb7 Bc3 0-1

[Event "Heusenstamm Schloss op 1st"]
[Site "Heusenstamm"]
[Date "2014.11.20"]
[Round "1"]
[White "Held, Maurice"]
[Black "Henrich, David"]
[Result "0-1"]
[WhiteElo "1634"]
[BlackElo "2093"]
[PlyCount "64"]
[EventDate "2014.11.20"]
[EventType "swiss"]
[EventRounds "7"]
[EventCountry "GER"]
[SourceTitle "CBM 163 Extra"]
[Source "ChessBase"]
[SourceDate "2014.12.23"]
[SourceVersion "1"]
[SourceVersionDate "2014.12.23"]
[SourceQuality "1"]

1. c4 d6 2. Nf3 g6 3. g3 Bg7 4. Bg2 Nf6 5. Nc3 0-0 6. 0-0 Nc6 7. d3 Rb8 8. Bd2 Bg4 9. a3 Qd7 10. b4 a6 11. Rb1 b5 12. cxb5 axb5 13. Qc2 Bxf3 14. exf3 Nd4 15. Qd1 d5 16. Ne2 Nf5 17. Qc2 Rb6 18. Rbc1 Rc8 19. Bf4 d4 20. Bh3 Nd5 21. Qc5 e5 22. Bd2 Ra8 23. Bxf5 gxf5 24. f4 f6 25. fxe5 fxe5 26. f4 e4 27. dxe4 fxe4 28. Nxd4 Nxf4 29. Kh1 Bxd4 30. Qg5+ Ng6 31. Rxc7 Qd8 32. Rf8+ Kxf8 0-1